| 000 | 00479nam a22001937a 4500 | ||
|---|---|---|---|
| 003 | PILC | ||
| 005 | 20160112145214.0 | ||
| 008 | 121116t xxu||||| |||| 00| 0 eng d | ||
| 020 | _a0380811995 | ||
| 050 |
_aPZ 7 _b.D639 14333 |
||
| 082 |
_aFIC D66r _bc2001. |
||
| 100 | _aDodd, Christina | ||
| 245 |
_aRules of attraction _cby Christina Dodd |
||
| 260 |
_aNew York _bAvon books _c2001 |
||
| 300 |
_g17.2cm _a374 pages. |
||
| 562 | _e1 | ||
| 942 |
_2lcc _cBK |
||
| 999 |
_c10933 _d10933 |
||